|
|
|
|
| LEADER |
00000cam a2200000 i 4500 |
| 001 |
1/29672 |
| 008 |
060517s1979 gre d |
| 035 |
|
|
|l 10083957
|
| 040 |
|
|
|a GR-MY-UA
|b gre
|e aacr
|
| 041 |
0 |
|
|a gre
|
| 082 |
0 |
|
|a 938.744
|2 (22)
|
| 100 |
1 |
|
|a Φλούντζης, Αντώνης Ι.
|d 1906-
|
| 245 |
1 |
0 |
|a Ακροναυπλία και Ακροναυπλιώτες 1937-1943 /
|c Αντώνης Φλουντζής
|
| 260 |
|
|
|a Αθήνα :
|b Θεμέλιο,
|c 1979
|
| 300 |
|
|
|a 502 σ.;
|b εικ., φωτ.;
|c 21 εκ.
|
| 504 |
|
|
|a Περιέχει βιβλιογραφία
|
| 650 |
0 |
0 |
|a World War, 1939-1945
|x Underground movements
|z Greece
|x Sources.
|
| 650 |
0 |
0 |
|a Political prisoners
|z Greece.
|
| 852 |
|
|
|a INST
|b LESVOS
|e 20060517
|h 938.744 ΦΛΟ
|p 005100034988
|q 005100034988
|t BK
|y 0
|
| 901 |
|
|
|a BIBL1-2006-2
|
| 909 |
|
|
|a Λ
|b 124150
|
| 970 |
|
|
|a ΚΑΡΑ
|b ΓΙΑΣΕΜΗ
|z 2006/05/17
|